| 000 | 00786nam a22001817a 4500 | ||
|---|---|---|---|
| 999 |
_c60579 _d60579 |
||
| 005 | 20230912120533.0 | ||
| 008 | 230912s1982 gw ||||| |||| 00| 0 ger d | ||
| 041 | _ager | ||
| 080 | _a902/904 F-57 | ||
| 100 |
_aFischer, Thomas H. _919799 |
||
| 245 |
_aVon den Römern zu den Bajuwaren: _bStadtarchäologie in Regensburg mit Beiträgen von Werner Endres und Veit Loers. _cFischer, Thomas H. / Rieckhoff-Pauli, Sabine. |
||
| 264 |
_aMunchen, _c1982. |
||
| 300 |
_a94 p. : _bill.; _c21 cm. |
||
| 653 | _aრომაელებიდან ბავარიელებამდე | ||
| 653 | _aურბანული არქეოლოგია რეგენსბურგში | ||
| 700 |
_aRieckhoff-Pauli, Sabine _eრედაქტორი _919800 |
||
| 942 |
_2udc _cBK |
||